Indian society : (Record no. 168515)

MARC details
000 -LEADER
fixed length control field 00658nam a22001937a 4500
005 - DATE AND TIME OF LATEST TRANSACTION
control field 20191011165318.0
010 ## - LCCN (DPL NO)
LC control number ENG-126655
020 ## - INTERNATIONAL STANDARD BOOK NUMBER
International Standard Book Number 9789353436582
Terms of availability 295.00
035 ## - SYSTEM CONTROL NUMBER
System control number EN-110187
037 ## - SOURCE OF ACQUISITION
Source of stock number/acquisition DBAD/PUB
082 ## - DEWEY DECIMAL CLASSIFICATION NUMBER
Classification number 301.954
100 ## - MAIN ENTRY--PERSONAL NAME
Personal name Kumar, M.Senthil
245 ## - TITLE STATEMENT
Title Indian society :
Statement of responsibility, etc by M.Senthil Kumar [and] S.Rijesh
Remainder of title for civil services main examination /
260 ## - PUBLICATION, DISTRIBUTION, ETC. (IMPRINT)
Place of publication, distribution, etc Noida
Name of publisher, distributor, etc Pearson India Education Services
Date of publication, distribution, etc 2019
270 ## - ADDRESS
Address 15th Floor, Tower-B, World Trade Tower, Plot No.1
City Block-C, Sector-16, Noida
Postal code 201301
300 ## - PHYSICAL DESCRIPTION
Extent various paging.
Dimensions 24cm(pbk)
700 ## - ADDED ENTRY--PERSONAL NAME
Personal name Rijesh, M
942 ## - ADDED ENTRY ELEMENTS (KOHA)
Source of classification or shelving scheme Dewey Decimal Classification
Item type English Books
Classification part 301.954
Call number suffix KUM
Holdings
Withdrawn status Lost status Not for loan Collection code Home library Current library Date acquired Source of acquisition Cost, normal purchase price Full call number Barcode Copy number Cost, replacement price Koha item type
      Non-fiction Bawana Bawana 11/10/2019 DBAD/PUB 295.00 301.954 KUM EN-110187 1 295.00 English Books

© Delhi Public Library
Hit Counter
free hit counter